00667nam a2200157Ia 4500008004100000020001500041082001500056100002800071245003200099260009500131300001100226500011700237942004600354952009400400999001500494250519s9999 xx 000 0 und d a8174760040 a954.052SHA aDr.Shanker Dayal Sharma 0a"Ideas,Thoughts and Images" a"5 Ansari Road, New Delhi-110002 Bombay Bangalore "bUSB Publisher Distributors Ltd.c1994 a462 p. A"Dr. Shanker Sharma's speeches, offering insights into his ideas, thoughts, and perspectives on various topics." h954.052iSHAcAD6954_052000000000000_SHA 92657aKFPLbKFPLcENGd2025-05-19l0o954.052SHApKL-2024-000386r2025-05-19 10:00:32yAD c2249d2249